Statistics for Every Premier League Goalscorer for Stoke City

Click here to take the quiz!

General Stats

  • This quiz has been taken 45 times
  • The average score is 19 of 54

Answer Stats

Player% Correct
Peter Crouch
93%
Ryan Shawcross
78%
Xherdan Shaqiri
74%
Jonathan Walters
63%
Kenwyne Jones
63%
Mame Biram Diouf
63%
Rory Delap
63%
Charlie Adam
59%
Marko Arnautović
59%
Joe Allen
56%
Ricardo Fuller
56%
Robert Huth
56%
Glenn Whelan
52%
Erik Pieters
48%
Asmir Begović
44%
Liam Lawrence
44%
Bojan Krkić
41%
Eric Maxim Choupo-Moting
41%
Kurt Zouma
41%
Matthew Etherington
41%
James Beattie
37%
Michael Owen
37%
Steven Nzonzi
37%
Abdoulaye Faye
33%
Geoff Cameron
33%
Ibrahim Afellay
33%
Jermaine Pennant
33%
Bruno Martins Indi
30%
Cameron Jerome
30%
Danny Higginbotham
30%
Dean Whitehead
26%
Giannelli Imbula
26%
Mamady Sidibé
26%
Marc Muniesa
26%
Oussama Assaidi
26%
Ryan Shotton
26%
Marc Wilson
22%
Stephen Ireland
22%
Dave Kitson
19%
Joselu
19%
Matthew Upson
19%
Peter Odemwingie
19%
Tuncay Şanlı
19%
Victor Moses
19%
Badou Ndiaye
15%
Danny Pugh
15%
Darren Fletcher
15%
Jesé Rodríguez
15%
Michael Kightly
15%
John Carew
11%
Ramadan Sobhi
11%
Salif Diao
11%
Seyi Olofinjana
11%
Wilfried Bony
11%

Score Distribution

Percentile by Number Answered

Percent of People with Each Score

Your Score History

You have not taken this quiz